La Universidad Complutense Cisneriana: impulso filosófico, científico y literario siglos XVI y XVII
保存先:
| 第一著者: | |
|---|---|
| フォーマット: | 図書 |
| 言語: | スペイン語 |
| 出版事項: |
Madrid
Complutense
1996
|
| シリーズ: | Colección Philosophica Complutensia, 7
|
| 主題: | |
| タグ: |
タグ追加
タグなし, このレコードへの初めてのタグを付けませんか!
|
MARC
| LEADER | 00000nam a2200000 a 4500 | ||
|---|---|---|---|
| 001 | UCP2694 | ||
| 003 | CL-VaPUC | ||
| 008 | 990528e19960000SP |||||||||||||||||spa|d | ||
| 082 | 0 | 4 | |a 378.46 |b JIM |2 21 |
| 100 | 0 | |a Jiménez Moreno, Luis |e author |9 429646 | |
| 245 | 1 | 3 | |a La Universidad Complutense Cisneriana: impulso filosófico, científico y literario siglos XVI y XVII |
| 300 | |a 418 p | ||
| 942 | |c BK | ||
| 945 | |d 19990528 00:00:00 |a rbrito | ||
| 260 | |a Madrid |b Complutense |c 1996 | ||
| 600 | 0 | 7 | |a UNIVERSIDAD COMPLUTENSE |2 CL-VaPUC |9 429647 |
| 650 | 0 | |a Educación superior |9 223851 | |
| 650 | 0 | |a Filosofía española |9 254895 | |
| 651 | 0 | |a España |9 254926 | |
| 583 | |a last modification |c 19990528 00:00:00 |k Rodrigo Vera | ||
| 490 | 0 | |a Colección Philosophica Complutensia, 7 | |
| 999 | |c 281196 |d 281194 | ||
| 952 | |0 0 |1 0 |4 0 |6 378_460000000000000_JIM_1996 |7 0 |8 A |9 321874 |a BIBEDU |b BIBEDU |d 2019-11-20 |i 3509834 |o 378.46 JIM 1996 |p 3509834 |r 2019-11-20 |w 2019-11-20 |y BK |k FIL | ||